Šaláty

Bibliographic Details
Other Authors: Melcerová, Judita (Translator)
Format: Book
Language:Slovak
German
PhysicalDescription:96 s. fareb. fotogr. 23 cm
Published: Bratislava Ikar 2008
ISBN:9788055118338 (brož.)
Edition:2. vyd.
Subjects:

MARC

LEADER 00000nam a2200000 a 4500
001 vtls009313114
003 SK-MaSNL
005 20260301170906.0
008 160610s2008 xo o g 001 0 slo
015 |a SNBA2010/11-06139 
020 |a 9788055118338 (brož.) 
035 |a F1F15367-7BFF-4C08-9F83-D29F2EA5180D 
035 |a urn:nbn:sk:snk-aml30d 
035 |a urn:nbn:sk:snk-am008leo 
040 |a SNK  |b slo  |c SNK  |e AACR2 
041 1 |a slo  |h ger 
044 |a xo  |c SK 
072 7 |a 641  |x Kuchárstvo. Potraviny. Varené jedlá  |2 konspekt 
080 |a 641.83  |2 2001 
080 |a (083.12)  |2 2001 
080 |a (084.12)  |2 2001 
130 0 |a Salate  |l Slovensky  |9 537749 
245 0 0 |a Šaláty  |c [z nemeckého originálu preložila Judita Melcerová] 
250 |a 2. vyd. 
260 |a Bratislava  |b Ikar  |c 2008 
300 |a 96 s.  |b fareb. fotogr.  |c 23 cm 
500 |a Reg. 
650 0 7 |a šaláty (jedlá)  |2 SNKPH  |9 102405 
655 7 |a kuchárske recepty  |2 SNKPH  |9 70493 
655 7 |a fotografické publikácie  |2 SNKPH  |9 70483 
700 1 |a Melcerová, Judita  |4 trl  |9 63302 
919 |a 978-80-551-1833-8 
958 |a OP 
958 |a OND 
968 |b DT  |d 64 
999 |c 829049  |d 830979 
952 |a SNK  |b SNK  |y PREZ  |7 0  |p 17A0595164  |o snkSC 132475  |i snk2008/14293  |8 0  |0 0  |1 0  |4 0  |d 2008-07-18  |f 1  |l 0  |r 2025-06-23 00:00:00  |w 2026-02-24 
952 |a SNK  |b SNK  |y VYP  |7 0  |p 17A0587492  |o snkSC 132475 D1  |i snk2008/14469  |8 0  |0 0  |1 0  |4 0  |d 2008-07-23  |l 0  |r 2026-02-24 03:32:41  |w 2026-02-24